| 000 | 00000nam 2200000za 4500 |
| 001 | 9.804961 |
| 003 | CaOODSP |
| 005 | 20250902102557 |
| 007 | cr ||||||||||| |
| 008 | 150406s2015 onc o f000 0 eng d |
| 040 | |aCaOODSP|beng |
| 043 | |an-cn--- |
| 086 | 1 |aRv55-5/7-4-4-2015E-PDF |
| 245 | 00|aCustoms Bonded Warehouses |h[electronic resource]. |
| 250 | |a[October 21, 2015 edition]. |
| 260 | |aOttawa : |bCanada Border Services Agency, |c2015. |
| 300 | |a8 p. |
| 490 | 1 |aMemorandum D7 - drawbacks, |x2369-2391 ; |vD7-4-4, October 21, 2015 |
| 500 | |aIssued also in French under title: Entrepôts de stockage des douanes. |
| 500 | |a“Ottawa, October 21, 2015.” |
| 504 | |aIncludes references. |
| 520 | |aSuperseded Memorandum D7-4-4 dated July 13, 2001. This memorandum outlines and explains the procedures to be followed by an individual or company when making application for a Customs Bonded Warehouse (CBW) licence, and the conditions under which such a warehouse must operate. This document also contains editing revisions which do not affect or change existing policies or procedures and includes changes to the Canada Border Services Agency organizational structure. |
| 692 | 07|2gccst|aImports |
| 692 | 07|2gccst|aStorage |
| 692 | 07|2gccst|aCustoms and excise |
| 710 | 2 |aCanada Border Services Agency. |
| 775 | 08|tEntrepôts de stockage des douanes |w(CaOODSP)9.804962 |
| 794 | |tCustoms Bonded Warehouses.|b[October 21, 2024 edition]|w(CaOODSP)9.954677 |
| 830 | #0|aMemorandum D7 - drawbacks,|x2369-2391 ; |vD7-4-4, October 21, 2015|w(CaOODSP)9.816825 |
| 856 | 40|qPDF|s104 KB|uhttps://publications.gc.ca/collections/collection_2015/asfc-cbsa/Rv55-5-7-4-4-2015-eng.pdf |